[Event "SRB-chT 1st"]
[Site "Zlatibor"]
[Date "2007.08.22"]
[Round "2"]
[White "Velimirovic, Dragoljub"]
[Black "Tosic, Miroslav"]
[Result "1-0"]
[WhiteElo "2442"]
[BlackElo "2437"]
[PlyCount "121"]
[EventDate "2007.08.21"]
[EventType "tourn ()"]
[EventRounds "11"]
[EventCountry "YUG"]
[Source "ChessBase"]
[SourceDate "2007.11.01"]
[WhiteTeamCountry "SER"]
[BlackTeamCountry "SER"]

1. e4 c5 2. Nf3 e6 3. d4 cxd4 4. Nxd4 a6 5. c4 Nf6 6. Nc3 d6 7. g3 Bd7 8. Bg2
Nc6 9. O-O Be7 10. f4 Rc8 11. Nc2 O-O 12. Be3 Na5 13. b3 Qc7 14. g4 h6 15. g5
hxg5 16. fxg5 Nh7 17. Qh5 Bxg5 18. Bxg5 Qc5+ 19. Rf2 Qxg5 20. Qxg5 Nxg5 21. Rd1
Nc6 22. Na4 Ne5 23. Nb6 Rc7 24. h4 Nh7 25. Rxd6 Nf6 26. Nxd7 Rxd7 27. Rfd2 Rxd6
28. Rxd6 Rc8 29. Nd4 Nfd7 30. Nf3 Kf8 31. Kf2 Ke7 32. Rd1 g6 33. Nxe5 Nxe5 34.
Ke3 f6 35. Rh1 b5 36. cxb5 axb5 37. h5 gxh5 38. Rxh5 Rc3+ 39. Kd2 Rg3 40. Bf1
Nf3+ 41. Ke3 Ng5+ 42. Kd4 b4 43. Kc5 Nxe4+ 44. Kxb4 f5 45. Rh7+ Kd6 46. a4 Nf6
47. Rh3 Nd5+ 48. Kb5 Rg8 49. a5 Rb8+ 50. Ka4 f4 51. Bc4 Ne3 52. Bb5 Ke5 53.
Rh5+ Kd4 54. Bc6 Nd1 55. a6 Rb6 56. a7 Ra6+ 57. Ra5 Nc3+ 58. Kb4 Na2+ 59. Rxa2
Rxa2 60. Ba4 f3 61. a8=Q 1-0

[Event "SRB-chT 1st"]
[Site "Zlatibor"]
[Date "2007.08.23"]
[Round "3"]
[White "Dujkovic, Sinisa"]
[Black "Velimirovic, Dragoljub"]
[Result "1/2-1/2"]
[WhiteElo "2407"]
[BlackElo "2442"]
[PlyCount "119"]
[EventDate "2007.08.21"]
[EventType "tourn ()"]
[EventRounds "11"]
[EventCountry "YUG"]
[Source "ChessBase"]
[SourceDate "2007.11.01"]
[WhiteTeamCountry "SER"]
[BlackTeamCountry "SER"]

1. e4 c5 2. Nc3 g6 3. f4 Bg7 4. Nf3 Nc6 5. Bb5 Na5 6. d4 a6 7. Be2 cxd4 8. Nxd4
d6 9. Be3 Nf6 10. O-O O-O 11. Nb3 Nc6 12. Bf3 Be6 13. Nd5 Bxd5 14. exd5 Na5 15.
Nxa5 Qxa5 16. c3 Rac8 17. Re1 Rfe8 18. Qb3 Qc7 19. Re2 b5 20. Rae1 Nd7 21. Bf2
Nc5 22. Qc2 Bf6 23. g4 Rb8 24. g5 Bg7 25. Bg3 b4 26. Re3 bxc3 27. bxc3 Qb6 28.
Kh1 e6 29. dxe6 Rxe6 30. Rxe6 Nxe6 31. f5 Nxg5 32. Bd5 Qa5 33. c4 Be5 34. Rxe5
dxe5 35. fxg6 Qb6 36. gxh7+ Nxh7 37. Bxf7+ Kf8 38. Bg6 Qf6 39. Qf5 Qxf5 40.
Bxf5 Ng5 41. Bxe5 Rd8 42. c5 Ke7 43. c6 Ne6 44. Bg3 Rd5 45. Be4 Rd4 46. Bf3 Rc4
47. h4 Nd4 48. Bd5 Rc5 49. c7 Nf5 50. Bf4 Nd6 51. Bb3 Kd7 52. Kg2 Kxc7 53. Kf3
Kd7 54. Kg4 Ne4 55. Be3 Nf6+ 56. Kf3 Rf5+ 57. Ke2 a5 58. Kd3 Rf3 59. Ke2 Rh3
60. Bb6 1/2-1/2

[Event "SRB-chT 1st"]
[Site "Zlatibor"]
[Date "2007.08.24"]
[Round "4"]
[White "Velimirovic, Dragoljub"]
[Black "Martinovic, Slobodan"]
[Result "1-0"]
[WhiteElo "2442"]
[BlackElo "2447"]
[PlyCount "75"]
[EventDate "2007.08.21"]
[EventType "tourn ()"]
[EventRounds "11"]
[EventCountry "YUG"]
[Source "ChessBase"]
[SourceDate "2007.11.01"]
[WhiteTeamCountry "SER"]
[BlackTeamCountry "SER"]

1. e4 c5 2. Nf3 e6 3. d4 cxd4 4. Nxd4 a6 5. Nc3 Qc7 6. Be2 Nf6 7. O-O d6 8. f4
Nc6 9. Be3 Be7 10. a4 O-O 11. Qe1 Bd7 12. Nb3 Nb4 13. Rc1 b6 14. Qg3 d5 15. e5
Ne4 16. Nxe4 dxe4 17. Nd2 Qc6 18. c3 Nd3 19. Bxd3 exd3 20. Bd4 Bc8 21. Qxd3
Qxa4 22. Rf3 Bb7 23. Rh3 g6 24. Re1 Rfd8 25. Qe3 Qc2 26. f5 Qxf5 27. Rf1 Qg5
28. Qf2 Rf8 29. Nc4 f5 30. Nxb6 Rad8 31. Nc4 Bc6 32. Nd2 a5 33. Nf3 Qg4 34. Rg3
Qh5 35. Bc5 Bxc5 36. Qxc5 Bd5 37. Rh3 Qg4 38. Qe7 1-0

[Event "SRB-chT 1st"]
[Site "Zlatibor"]
[Date "2007.08.25"]
[Round "5"]
[White "Solak, Dragan"]
[Black "Velimirovic, Dragoljub"]
[Result "1-0"]
[WhiteElo "2566"]
[BlackElo "2442"]
[PlyCount "33"]
[EventDate "2007.08.21"]
[EventType "tourn ()"]
[EventRounds "11"]
[EventCountry "YUG"]
[Source "ChessBase"]
[SourceDate "2007.11.01"]
[WhiteTeamCountry "SER"]
[BlackTeamCountry "SER"]

1. e4 c5 2. c3 e6 3. d4 d5 4. exd5 exd5 5. Nf3 Nc6 6. Bb5 Bd6 7. dxc5 Qe7+ 8.
Be3 Bxc5 9. Qxd5 Bxe3 10. Bxc6+ Kf8 11. fxe3 Qxe3+ 12. Kd1 Qe7 13. Ba4 Bh3 14.
Qg5 Nf6 15. gxh3 Qe4 16. Rg1 Rd8+ 17. Nd4 1-0

[Event "SRB-chT 1st"]
[Site "Zlatibor"]
[Date "2007.08.26"]
[Round "6"]
[White "Velimirovic, Dragoljub"]
[Black "Djukic, Nikola"]
[Result "0-1"]
[WhiteElo "2442"]
[BlackElo "2531"]
[PlyCount "72"]
[EventDate "2007.08.21"]
[EventType "tourn ()"]
[EventRounds "11"]
[EventCountry "YUG"]
[Source "ChessBase"]
[SourceDate "2007.11.01"]
[WhiteTeamCountry "SER"]
[BlackTeamCountry "SER"]

1. e4 d5 2. Nc3 dxe4 3. Nxe4 Bf5 4. Ng3 Bg6 5. Nf3 Nf6 6. h4 h6 7. Ne5 Bh7 8.
Bc4 e6 9. Qe2 Nd5 10. d4 c6 11. Qf3 Qe7 12. Bd2 Nd7 13. Ne4 Nxe5 14. dxe5 Qc7
15. O-O-O Qxe5 16. Rhe1 Qc7 17. Bb3 O-O-O 18. c4 Bxe4 19. Rxe4 Nf6 20. Ree1
Rxd2 21. Rxd2 Bb4 22. Rde2 Bxe1 23. Rxe1 Rd8 24. g4 Qd6 25. Kb1 Qc5 26. Qe2 Rd4
27. f3 Nd7 28. Qe3 g5 29. hxg5 hxg5 30. Qe2 Qd6 31. Bc2 Qb4 32. b3 Nb6 33. Rh1
Nxc4 34. Rh8+ Kd7 35. Rh7 Ke8 36. Bd3 Qc3 0-1

[Event "SRB-chT 1st"]
[Site "Zlatibor"]
[Date "2007.08.28"]
[Round "7"]
[White "Todorovic, Goran M"]
[Black "Velimirovic, Dragoljub"]
[Result "0-1"]
[WhiteElo "2471"]
[BlackElo "2442"]
[PlyCount "179"]
[EventDate "2007.08.21"]
[EventType "tourn ()"]
[EventRounds "11"]
[EventCountry "YUG"]
[Source "ChessBase"]
[SourceDate "2007.11.01"]
[WhiteTeamCountry "SER"]
[BlackTeamCountry "SER"]

1. e4 c5 2. Nf3 d6 3. d4 cxd4 4. Nxd4 Nf6 5. Nc3 g6 6. Be3 Bg7 7. f3 Nc6 8. Qd2
O-O 9. Bc4 Bd7 10. O-O-O Qb8 11. Bb3 a5 12. a4 Nxd4 13. Bxd4 b5 14. Rhe1 e5 15.
Be3 bxa4 16. Bxa4 Bxa4 17. Nxa4 Ra6 18. Bg5 Rc8 19. Re3 Rc4 20. b3 Rd4 21. Rd3
Qc7 22. Be3 Rxd3 23. Qxd3 Rc6 24. c4 Nd7 25. Kb1 Nf8 26. Nc3 Ne6 27. Nd5 Qb7
28. g3 Nd4 29. Bxd4 exd4 30. Kb2 Rc5 31. g4 g5 32. Rh1 Qa6 33. Rc1 Be5 34. Rc2
Kg7 35. Kb1 Qb7 36. Ra2 Qd7 37. Rg2 Qc8 38. h4 gxh4 39. f4 Rxd5 40. exd5 Bxf4
41. Qxd4+ Be5 42. Qe3 h6 43. g5 Qf5+ 44. Ka2 h5 45. c5 h3 46. Rf2 Qg4 47. cxd6
Bd4 48. Qe7 Bxf2 49. d7 Bb6 50. Qf6+ Kg8 51. Qxb6 Qxd7 52. g6 Qxd5 53. gxf7+
Kxf7 54. Qf2+ Kg6 55. Qg3+ Qg5 56. Qxh3 Qd2+ 57. Ka3 Qd6+ 58. Ka2 Qe5 59. Qh4
Qc3 60. Qf4 Qb4 61. Qg3+ Qg4 62. Qd6+ Kg5 63. Qd2+ Kg6 64. Qxa5 h4 65. Qb6+ Kf5
66. Qc5+ Ke4 67. Qc4+ Kf3 68. Qf1+ Ke3 69. Qc1+ Ke2 70. Qc2+ Kf1 71. Qc1+ Kf2
72. Qc5+ Kg2 73. Qd5+ Kh2 74. Ka3 h3 75. b4 Kg3 76. Qe5+ Qf4 77. Qe1+ Kg2 78.
Ka4 h2 79. Qe2+ Kg3 80. Qe1+ Kg4 81. Qh1 Kh3 82. Qd5 Kg3 83. Qd3+ Qf3 84. Qg6+
Kf2 85. Qc2+ Qe2 86. Qc5+ Ke1 87. Qc3+ Kd1 88. Qd4+ Kc2 89. Qc5+ Kb1 90. Qf5+
0-1

[Event "SRB-chT 1st"]
[Site "Zlatibor"]
[Date "2007.08.30"]
[Round "9"]
[White "Antic, Dejan"]
[Black "Velimirovic, Dragoljub"]
[Result "0-1"]
[WhiteElo "2468"]
[BlackElo "2442"]
[PlyCount "124"]
[EventDate "2007.08.21"]
[EventType "tourn ()"]
[EventRounds "11"]
[EventCountry "YUG"]
[Source "ChessBase"]
[SourceDate "2007.11.01"]
[WhiteTeamCountry "SER"]
[BlackTeamCountry "SER"]

1. d4 c5 2. d5 d6 3. c4 Nf6 4. Nc3 g6 5. e4 Bg7 6. h3 a6 7. a4 e5 8. Nge2 Nbd7
9. g3 h5 10. Bg5 Qa5 11. Bg2 h4 12. g4 Ng8 13. Bd2 Qd8 14. a5 f5 15. exf5 gxf5
16. gxf5 Ndf6 17. f4 Nh5 18. O-O Nh6 19. fxe5 Bxe5 20. Bxh6 Rxh6 21. Qd2 Qf6
22. Ne4 Qg7 23. Qg5 Qxg5 24. Nxg5 Bd7 25. Rab1 b5 26. axb6 a5 27. Ne6 Ke7 28.
Kf2 a4 29. Ke3 Ng3 30. Rf3 Rb8 31. Kd2 Rxb6 32. Nxg3 hxg3 33. Kc2 Rh4 34. Bf1
g2 35. Bxg2 Rxc4+ 36. Kd3 Rcb4 37. f6+ Bxf6 38. Re1 Rb3+ 39. Ke2 Rxb2+ 40. Kf1
Rb1 41. Rfe3 Kf7 42. Bf3 Rxe1+ 43. Kxe1 Bh4+ 44. Kd2 Rb4 45. Bg4 Bb5 46. Rf3+
Ke7 47. Ng7 Bg5+ 48. Kc2 Be2 49. Nf5+ Kd8 50. Rg3 Bf4 51. Rg1 Bc4 52. Bf3 Be5
53. Rg8+ Kc7 54. Ra8 Kb7 55. Ra5 Bb3+ 56. Kd2 Rf4 57. Bg4 Kb6 58. Ra8 Bxd5 59.
Rb8+ Ka7 60. Rb5 Rb4 61. Be2 Rxb5 62. Bxb5 a3 0-1

[Event "SRB-chT 1st"]
[Site "Zlatibor"]
[Date "2007.08.31"]
[Round "10"]
[White "Velimirovic, Dragoljub"]
[Black "Kizov, Atanas"]
[Result "1/2-1/2"]
[WhiteElo "2442"]
[BlackElo "2396"]
[PlyCount "134"]
[EventDate "2007.08.21"]
[EventType "tourn ()"]
[EventRounds "11"]
[EventCountry "YUG"]
[Source "ChessBase"]
[SourceDate "2007.11.01"]
[WhiteTeamCountry "SER"]
[BlackTeamCountry "SER"]

1. e4 e5 2. Nf3 Nc6 3. Bb5 Nf6 4. O-O Nxe4 5. d4 Nd6 6. Bxc6 dxc6 7. dxe5 Nf5
8. Qxd8+ Kxd8 9. Rd1+ Ke8 10. h3 Ne7 11. Nc3 h6 12. Nd4 Ng6 13. f4 Bc5 14. Be3
Bxd4 15. Rxd4 h5 16. Ne4 Nh4 17. Bf2 Nf5 18. Rd2 b6 19. a4 a5 20. c4 h4 21. b3
Be6 22. Rad1 Ke7 23. Ng5 c5 24. Nf3 Rac8 25. Kf1 Ra8 26. Ke2 Rag8 27. Ng5 Rc8
28. Ne4 f6 29. exf6+ gxf6 30. Nc3 Rcg8 31. Nd5+ Bxd5 32. Rxd5 Nd6 33. Kf1 Kf7
34. Re1 Re8 35. Rxe8 Kxe8 36. Ke2 Ke7 37. Kf3 c6 38. Rd3 f5 39. Ke2 Ne4 40. Be1
Ke6 41. Kf1 Ke7 42. Kg1 Rh6 43. Kh2 Rh7 44. g3 hxg3+ 45. Bxg3 Rh6 46. Be1 Rh7
47. Kg2 Rg7+ 48. Kf1 Rh7 49. Bc3 Nxc3 50. Rxc3 Rh4 51. Rf3 Rh6 52. Kf2 Rd6 53.
Ke2 Kf6 54. h4 Rd4 55. h5 b5 56. cxb5 cxb5 57. axb5 Rb4 58. Rg3 Rxb5 59. h6 Rb7
60. Kd2 Rh7 61. Rc3 Rxh6 62. Rxc5 Rh4 63. Rc4 Rh3 64. Rc6+ Ke7 65. Kc2 Rf3 66.
Rc4 Kf6 67. Kb2 Rf1 1/2-1/2

[Event "SRB-chT 1st"]
[Site "Zlatibor"]
[Date "2007.09.01"]
[Round "11"]
[White "Abramovic, Bosko"]
[Black "Velimirovic, Dragoljub"]
[Result "1-0"]
[WhiteElo "2516"]
[BlackElo "2442"]
[PlyCount "51"]
[EventDate "2007.08.21"]
[EventType "tourn ()"]
[EventRounds "11"]
[EventCountry "YUG"]
[Source "ChessBase"]
[SourceDate "2007.11.01"]
[WhiteTeamCountry "SER"]
[BlackTeamCountry "SER"]

1. d4 Nf6 2. Nf3 g6 3. Bf4 Bg7 4. e3 d6 5. h3 O-O 6. Be2 Nc6 7. Bh2 Bf5 8. O-O
Re8 9. Bd3 Bd7 10. c3 e5 11. Bc2 e4 12. Nfd2 Qe7 13. a3 b5 14. a4 b4 15. a5 h5
16. Bf4 Rab8 17. Bg5 d5 18. f3 Rb5 19. Ba4 Rxa5 20. Nb3 Ra6 21. Nc5 Rb6 22.
fxe4 Qd6 23. Bxf6 Bxf6 24. Nxd7 Bg5 25. Nxb6 Rxe4 26. Nd2 1-0

[Event "MNT-chT"]
[Site "Herceg Novi"]
[Date "2007.09.03"]
[Round "1.1"]
[White "Sedlak, Nikola"]
[Black "Velimirovic, Dragoljub"]
[Result "1-0"]
[WhiteElo "2590"]
[BlackElo "2442"]
[PlyCount "107"]
[EventDate "2007.09.03"]
[EventType "team ()"]
[EventRounds "9"]
[EventCountry "MNT"]
[Source "ChessBase"]
[SourceDate "2007.11.01"]
[WhiteTeamCountry "SER"]
[BlackTeamCountry "SER"]

1. e4 c5 2. Nf3 d6 3. Bb5+ Bd7 4. Bxd7+ Qxd7 5. O-O Nc6 6. c3 Nf6 7. Qe2 e6 8.
d4 d5 9. e5 Ne4 10. Be3 cxd4 11. cxd4 Be7 12. Ne1 f6 13. f3 Ng5 14. Nd3 fxe5
15. dxe5 O-O 16. Nd2 Nf7 17. Bf2 Nb4 18. Nc5 Qc8 19. Rfc1 b6 20. Ncb3 Qa6 21.
Qxa6 Nxa6 22. f4 Rfc8 23. Nd4 Nd8 24. Kf1 Nc5 25. Ke2 Kf7 26. Rc2 Ke8 27. Rac1
Kd7 28. g4 g6 29. a3 a5 30. b3 Ncb7 31. a4 Rxc2 32. Rxc2 Rc8 33. Rxc8 Kxc8 34.
f5 gxf5 35. gxf5 exf5 36. Nxf5 Bc5 37. Bxc5 bxc5 38. Ne7+ Kd7 39. Nxd5 Ke6 40.
Nf6 h6 41. Nc4 Nc6 42. Kd3 Nxe5+ 43. Nxe5 Kxf6 44. Nc6 h5 45. Kc4 h4 46. Kd5 h3
47. Ne5 Kf5 48. Nf3 Kf4 49. Ng1 Kg4 50. Kc6 Nd8+ 51. Kxc5 Ne6+ 52. Kb5 Nd4+ 53.
Kxa5 Nxb3+ 54. Kb6 1-0

[Event "MNT-chT"]
[Site "Herceg Novi"]
[Date "2007.09.04"]
[Round "2"]
[White "Velimirovic, Dragoljub"]
[Black "Lajthajm, Borko"]
[Result "0-1"]
[WhiteElo "2442"]
[BlackElo "2511"]
[PlyCount "31"]
[EventDate "2007.09.03"]
[EventType "team ()"]
[EventRounds "9"]
[EventCountry "MNT"]
[Source "ChessBase"]
[SourceDate "2007.11.01"]
[WhiteTeamCountry "SER"]
[BlackTeamCountry "SER"]

1. e4 d5 2. exd5 Qxd5 3. Nc3 Qd6 4. g3 Nf6 5. Bg2 Nc6 6. Nge2 e5 7. O-O Bg4 8.
h3 Be6 9. d3 Qd7 10. Kh2 Bc5 11. Be3 Bxe3 12. fxe3 h5 13. d4 Rd8 14. Rxf6 gxf6
15. d5 Nb4 16. dxe6 0-1

[Event "MNT-chT"]
[Site "Herceg Novi"]
[Date "2007.09.05"]
[Round "3"]
[White "Miladinovic, Igor"]
[Black "Velimirovic, Dragoljub"]
[Result "1/2-1/2"]
[WhiteElo "2605"]
[BlackElo "2442"]
[PlyCount "154"]
[EventDate "2007.09.03"]
[EventType "team ()"]
[EventRounds "9"]
[EventCountry "MNT"]
[Source "ChessBase"]
[SourceDate "2007.11.01"]
[WhiteTeamCountry "SER"]
[BlackTeamCountry "SER"]

1. d4 c5 2. dxc5 e6 3. Nd2 Nf6 4. e4 Nc6 5. Ngf3 Bxc5 6. e5 Ng4 7. Ne4 Ngxe5 8.
Nxe5 Nxe5 9. Bf4 Ng6 10. Bd6 Qa5+ 11. c3 Bxd6 12. Nxd6+ Ke7 13. Nb5 d5 14. Qd2
Bd7 15. Nd4 Qc7 16. Bd3 Qe5+ 17. Ne2 Rhe8 18. f4 Qc7 19. h4 e5 20. f5 Nf4 21.
Nxf4 exf4 22. O-O Kf8 23. Rxf4 f6 24. Qf2 Re5 25. Rf1 b6 26. Rd4 Rae8 27. Qf4
Qc5 28. Kh2 Bb5 29. b4 Qc6 30. Bxb5 Qxb5 31. Rfd1 Qd7 32. c4 Rxf5 33. Qg3 Ree5
34. Rxd5 Rxd5 35. cxd5 Rxd5 36. Qb8+ Kf7 37. Rxd5 Qxd5 38. Qxa7+ Kg6 39. Qxb6
Qe5+ 40. Kh3 Qf5+ 41. Kg3 Qe5+ 42. Kf3 Qd5+ 43. Kg3 Qe5+ 44. Kf2 Qf4+ 45. Ke2
Qe4+ 46. Kf1 Qb1+ 47. Kf2 Qxa2+ 48. Kg3 Qb3+ 49. Kh2 Qc4 50. h5+ Kf5 51. Qf2+
Ke6 52. Qe1+ Kf7 53. Kh3 Qd5 54. Qh4 Ke7 55. Qg4 Kd6 56. Kh4 Qd2 57. Qg3+ Ke6
58. b5 f5 59. Qb3+ Kf6 60. Kh3 Qd4 61. b6 Qg4+ 62. Kh2 Qh4+ 63. Qh3 Qb4 64. Qe3
f4 65. Qf2 Ke6 66. Kh3 Qb5 67. Qxf4 Qxb6 68. Qe4+ Kf6 69. Qxh7 Qe6+ 70. Kg3
Qe3+ 71. Kg4 Qe2+ 72. Kh3 Qe6+ 73. Kh2 Qe5+ 74. Kh3 Qe6+ 75. Kh4 Qe1+ 76. Kg4
Qe2+ 77. Kh3 Qe6+ 1/2-1/2

[Event "MNT-chT"]
[Site "Herceg Novi"]
[Date "2007.09.06"]
[Round "4"]
[White "Velimirovic, Dragoljub"]
[Black "Solak, Dragan"]
[Result "0-1"]
[WhiteElo "2442"]
[BlackElo "2566"]
[PlyCount "110"]
[EventDate "2007.09.03"]
[EventType "team ()"]
[EventRounds "9"]
[EventCountry "MNT"]
[Source "ChessBase"]
[SourceDate "2007.11.01"]
[WhiteTeamCountry "SER"]
[BlackTeamCountry "SER"]

1. a3 g6 2. g3 Bg7 3. Bg2 d6 4. d3 c5 5. Nc3 Nc6 6. Nf3 e5 7. Nd5 Nge7 8. Bg5
Be6 9. c4 h6 10. Bf6 O-O 11. Nxe7+ Nxe7 12. Bxg7 Kxg7 13. O-O Nc6 14. Nd2 d5
15. Rc1 b6 16. b4 cxb4 17. cxd5 Bxd5 18. e4 Be6 19. Rxc6 Qxd3 20. axb4 Rfd8 21.
Qa1 Qxd2 22. Qxe5+ Kh7 23. Qf6 Rd7 24. h4 Qxb4 25. h5 Rg8 26. Rfc1 gxh5 27. Rc7
Rg6 28. Qa1 Rxc7 29. Rxc7 h4 30. Kh2 hxg3+ 31. fxg3 Qd6 32. Qc3 Rg5 33. Rxa7
Rh5+ 34. Kg1 Qd1+ 35. Kf2 Rc5 36. Bf3 Qd6 37. Qb2 Rg5 38. Ra8 Qxg3+ 39. Ke3
Qg1+ 40. Qf2 Qc1+ 41. Qd2 Qg1+ 42. Qf2 Qxf2+ 43. Kxf2 Rb5 44. Rb8 Rb2+ 45. Ke3
b5 46. Kf4 b4 47. Bg4 Bxg4 48. Kxg4 b3 49. Rb6 Rb1 50. Kg3 b2 51. Kg2 f6 52.
Rb5 Kg6 53. Kh2 Kf7 54. Rb6 Ke7 55. Kg2 Kd7 0-1

[Event "MNT-chT"]
[Site "Herceg Novi"]
[Date "2007.09.07"]
[Round "5"]
[White "Savic, Miodrag R"]
[Black "Velimirovic, Dragoljub"]
[Result "1-0"]
[WhiteElo "2514"]
[BlackElo "2442"]
[PlyCount "61"]
[EventDate "2007.09.03"]
[EventType "team ()"]
[EventRounds "9"]
[EventCountry "MNT"]
[Source "ChessBase"]
[SourceDate "2007.11.01"]
[WhiteTeamCountry "SER"]
[BlackTeamCountry "SER"]

1. e4 e6 2. d4 d5 3. e5 c5 4. c3 Nc6 5. Nf3 Qb6 6. Be2 Nh6 7. b3 Nf5 8. g4 Nh6
9. Rg1 cxd4 10. cxd4 Bb4+ 11. Kf1 Bd7 12. a3 Be7 13. b4 Rc8 14. Be3 Ng8 15. Ra2
Nd8 16. Qd3 a5 17. b5 Rc4 18. a4 Bb4 19. Rc2 Rxc2 20. Qxc2 Ne7 21. Nbd2 h5 22.
h3 hxg4 23. hxg4 f5 24. exf6 gxf6 25. g5 f5 26. g6 O-O 27. Ne5 Be8 28. g7 Rf6
29. Bg5 Kxg7 30. Ndf3 Ng6 31. Bxf6+ 1-0

[Event "MNT-chT"]
[Site "Herceg Novi"]
[Date "2007.09.08"]
[Round "6"]
[White "Velimirovic, Dragoljub"]
[Black "Vajda, Levente"]
[Result "0-1"]
[WhiteElo "2442"]
[BlackElo "2547"]
[PlyCount "60"]
[EventDate "2007.09.03"]
[EventType "team ()"]
[EventRounds "9"]
[EventCountry "MNT"]
[Source "ChessBase"]
[SourceDate "2007.11.01"]
[WhiteTeamCountry "SER"]
[BlackTeamCountry "SER"]

1. a3 e5 2. c4 Nf6 3. Nc3 c5 4. g3 Be7 5. Bg2 O-O 6. Nf3 Nc6 7. O-O d6 8. d3 h6
9. Nd2 Be6 10. Nd5 Qd7 11. b4 cxb4 12. Rb1 bxa3 13. Nxe7+ Qxe7 14. Bxa3 Rfd8
15. Qa4 Rac8 16. e3 Qd7 17. Rfc1 b6 18. Ra1 Bh3 19. Bh1 Nd4 20. Qd1 Ne6 21. Bb2
Nc5 22. Qe2 Na4 23. Ne4 Nxe4 24. dxe4 Be6 25. Ba3 Qc6 26. Bb4 Bxc4 27. Qd2 a5
28. Bxa5 bxa5 29. Qxa5 Nb6 30. Rab1 Nd7 0-1

[Event "MNT-chT"]
[Site "Herceg Novi"]
[Date "2007.09.09"]
[Round "7"]
[White "Abramovic, Bosko"]
[Black "Velimirovic, Dragoljub"]
[Result "0-1"]
[WhiteElo "2516"]
[BlackElo "2442"]
[PlyCount "64"]
[EventDate "2007.09.03"]
[EventType "team ()"]
[EventRounds "9"]
[EventCountry "MNT"]
[Source "ChessBase"]
[SourceDate "2007.11.01"]
[WhiteTeamCountry "SER"]
[BlackTeamCountry "SER"]

1. c4 Nf6 2. Nc3 g6 3. g3 Bg7 4. Bg2 O-O 5. e4 c5 6. Nge2 Nc6 7. d3 d6 8. h3
Ne8 9. a3 a6 10. Rb1 Rb8 11. b4 cxb4 12. axb4 b5 13. cxb5 axb5 14. O-O Nd4 15.
Nxd4 Bxd4 16. Ne2 Bg7 17. Be3 Bb7 18. d4 f5 19. d5 fxe4 20. Nf4 Nf6 21. g4 Qd7
22. g5 Ne8 23. Ne6 Nc7 24. Nxg7 Nxd5 25. Bd4 Nf4 26. Rb3 e3 27. Bxb7 Qxb7 28.
Qg4 e2 29. Re1 Qd5 30. Ne6 Nxe6 31. Ba7 Qxb3 32. Bxb8 Nf4 0-1

[Event "MNT-chT"]
[Site "Herceg Novi"]
[Date "2007.09.10"]
[Round "8"]
[White "Velimirovic, Dragoljub"]
[Black "Benderac, Srdjan"]
[Result "0-1"]
[WhiteElo "2442"]
[BlackElo "2298"]
[PlyCount "112"]
[EventDate "2007.09.03"]
[EventType "team ()"]
[EventRounds "9"]
[EventCountry "MNT"]
[Source "ChessBase"]
[SourceDate "2007.11.01"]
[WhiteTeamCountry "SER"]
[BlackTeamCountry "SER"]

1. a3 e5 2. d4 exd4 3. Qxd4 Nc6 4. Qd3 d5 5. Nf3 Nge7 6. Bg5 Bf5 7. Qxf5 Nxf5
8. Bxd8 Rxd8 9. Nbd2 Bc5 10. e3 O-O 11. Bd3 Nd6 12. O-O Rfe8 13. Nb3 Bb6 14. a4
a6 15. a5 Ba7 16. Ra4 Ne5 17. Nxe5 Rxe5 18. Rd1 Ree8 19. g3 g6 20. c4 dxc4 21.
Bxc4 Nxc4 22. Rxd8 Rxd8 23. Rxc4 Rd3 24. Nc1 Rd1+ 25. Kg2 Rd2 26. Kf3 Rxb2 27.
Rxc7 Rb5 28. Nd3 Kg7 29. g4 Bb8 30. Rc5 Bxh2 31. Rxb5 axb5 32. Nc5 b4 33. Ke2
h5 34. gxh5 gxh5 35. Nxb7 b3 36. Kd3 Bb8 37. a6 h4 38. Nd6 h3 39. Nf5+ Kg6 40.
Nh4+ Kf6 41. Nf3 Kf5 42. Kc3 f6 43. Kxb3 Ke4 44. Nh2 Kd3 45. e4 Kxe4 46. Kc2
Kd5 47. Kd3 Kc6 48. a7 Bxa7 49. Ke2 Bb8 50. f4 Bxf4 51. Ng4 f5 52. Nf2 h2 53.
Kf3 Be5 54. Kg2 Kd5 55. Nh3 Ke4 56. Ng5+ Ke3 0-1

[Event "Belgrade Trophy 20th"]
[Site "Belgrade"]
[Date "2007.11.22"]
[Round "1"]
[White "Velimirovic, Dragoljub"]
[Black "Milojevic, Miodrag M"]
[Result "1-0"]
[WhiteElo "2442"]
[BlackElo "2097"]
[PlyCount "91"]
[EventDate "2007.11.22"]
[EventType "swiss"]
[EventRounds "9"]
[EventCountry "YUG"]
[Source "ChessBase"]
[SourceDate "2008.01.10"]
[WhiteTeamCountry "YUG"]
[BlackTeamCountry "URS"]

1. e4 c5 2. Nf3 e6 3. d4 cxd4 4. Nxd4 a6 5. c4 Qc7 6. Nc3 Nf6 7. a3 b6 8. g3
Bb7 9. Bg2 Nc6 10. O-O Nxd4 11. Qxd4 Bc5 12. Qd3 e5 13. Bg5 Bd4 14. Bxf6 gxf6
15. Ne2 Bc5 16. Rfc1 a5 17. Kh1 Qd6 18. Qc3 a4 19. Qf3 Qe6 20. Nc3 Bc6 21. Qh5
Bd4 22. Nd1 O-O-O 23. Rc2 Rdg8 24. Ne3 Rg5 25. Qf3 Kb7 26. h4 Rg6 27. Kh2 h5
28. Bh3 Qe8 29. Rd1 Bc5 30. Rcd2 Ka7 31. Bxd7 Bxd7 32. Rxd7+ Ka6 33. R1d5 Qe6
34. Rc7 Rc8 35. Rxc8 Qxc8 36. Nf5 Qc6 37. Kg2 Rg4 38. Qd3 Ka7 39. Rd7+ Ka6 40.
f3 Rg8 41. Rxf7 Rc8 42. Qd7 Qxd7 43. Rxd7 Bf8 44. Rf7 Bc5 45. g4 hxg4 46. fxg4
1-0

[Event "Belgrade Trophy 20th"]
[Site "Belgrade"]
[Date "2007.11.23"]
[Round "2"]
[White "Sarenac, David"]
[Black "Velimirovic, Dragoljub"]
[Result "1-0"]
[WhiteElo "2212"]
[BlackElo "2442"]
[PlyCount "81"]
[EventDate "2007.11.22"]
[EventType "swiss"]
[EventRounds "9"]
[EventCountry "YUG"]
[Source "ChessBase"]
[SourceDate "2008.01.10"]
[WhiteTeamCountry "YUG"]
[BlackTeamCountry "URS"]

1. e4 c5 2. Nf3 Nc6 3. d4 cxd4 4. Nxd4 g6 5. Nc3 Bg7 6. Be3 Nf6 7. Bc4 d6 8. f3
O-O 9. Qd2 Bd7 10. O-O-O Qb8 11. Bb3 a5 12. a4 Rc8 13. Ndb5 Ne5 14. Bd4 Be8 15.
Rhe1 Nc6 16. Be3 b6 17. Kb1 Na7 18. Bd4 Nxb5 19. axb5 Rxc3 20. Qxc3 a4 21. Bc4
e5 22. Be3 Bf8 23. Bg5 Nd7 24. Bd5 Ra5 25. Qb4 Nc5 26. c4 Qc7 27. Qa3 Nb3 28.
Be3 Bd7 29. g4 Be6 30. Qb4 Be7 31. Rd3 Nc5 32. Bxc5 bxc5 33. Qd2 Ra7 34. Rd1
Bd7 35. Ra3 Kg7 36. Kc2 Qb8 37. Rda1 Bxb5 38. cxb5 Qxb5 39. Qd3 c4 40. Qxc4 Qb6
41. Rc3 1-0

[Event "Belgrade Trophy 20th"]
[Site "Belgrade"]
[Date "2007.11.24"]
[Round "3"]
[White "Velimirovic, Dragoljub"]
[Black "Petrovic, Petar"]
[Result "1-0"]
[WhiteElo "2442"]
[BlackElo "2104"]
[PlyCount "91"]
[EventDate "2007.11.22"]
[EventType "swiss"]
[EventRounds "9"]
[EventCountry "YUG"]
[Source "ChessBase"]
[SourceDate "2008.01.10"]
[WhiteTeamCountry "YUG"]
[BlackTeamCountry "URS"]

1. e4 e5 2. Nf3 d6 3. d4 Nf6 4. Nc3 exd4 5. Qxd4 Nc6 6. Bb5 Bd7 7. Bxc6 Bxc6 8.
Bg5 Be7 9. O-O-O O-O 10. Rhe1 Re8 11. Kb1 a6 12. e5 dxe5 13. Qxe5 Qc8 14. Qf4
h6 15. Rxe7 hxg5 16. Rxe8+ Qxe8 17. Nxg5 Qe7 18. f3 Rd8 19. Rxd8+ Qxd8 20. b3
Qe7 21. Nge4 Ne8 22. h4 b5 23. Qg5 f6 24. Qc5 Qd7 25. Kb2 Nd6 26. Nxd6 cxd6 27.
Qd4 Kf7 28. h5 Ke7 29. Qb6 Qb7 30. Qe3+ Kf8 31. Ne2 Be8 32. h6 gxh6 33. Qxh6+
Qg7 34. Qxg7+ Kxg7 35. Kc3 a5 36. b4 a4 37. a3 Kf7 38. Kd4 Ke6 39. Nf4+ Kf5 40.
Nd5 Bd7 41. c4 bxc4 42. Kxc4 Ke5 43. f4+ Ke6 44. Kd4 Bc6 45. f5+ Kf7 46. Kc4
1-0